| 000 | 00686nam a2200253Ia 4500 | ||
|---|---|---|---|
| 003 | OSt | ||
| 005 | 20220918174105.0 | ||
| 006 | a|||||r|||| 00| 0 | ||
| 007 | ta | ||
| 008 | 220917b |||||||| |||| 00| 0 eng d | ||
| 024 | _a10,371 | ||
| 037 | _cTextual | ||
| 040 |
_aARTS _cARTS _beng |
||
| 041 |
_2eng _aeng |
||
| 082 | _aQ7:4:g, M6 | ||
| 100 |
_aAmini Mohd Taqi _949073 |
||
| 245 | 0 | _aFundamentals of Ijhehad | |
| 260 |
_aDelhi _bIdarah-I Adabiyat-I Delli _c1986 |
||
| 300 |
_aviii,220p. _ccm. |
||
| 490 | _aIAD religio-philosophy (Original series); 17 | ||
| 650 | _aRELIGION | ||
| 942 |
_hQ7:4:g, M6 _cTEXL _2CC |
||
| 999 |
_c151743 _d151743 |
||